000 00467nam a2200157 i 4500
001 41286
003 ES-MaACL
005 20230906160415.0
007 t|
008 030310s1970 cl ||||1| spa d
100 1 _aCastedo, Leopoldo.
_936455
245 1 0 _aHistoria del arte y de la arquitectura Latinoamericana /
_cLeopoldo Castedo.
260 _aSantiago de Chile :
_bPomaire,
_c1970.
300 _a344 p. :
_bil. ;
_c22 cm.
852 _aES-MaACL
_jC-38249
_bR.76568
999 _c41286
_d41286